Odhad očakávanej výšky poistného plnenia pri poistení na plnú hodnotu v kombinácii s excedentnou a integrálnou spoluúčasťou

Salvato in:
Dettagli Bibliografici
Autore principale: Horáková, Galina
Altri autori: Mucha, Vladimír, 1976-
Natura: Capitolo di libro
Lingua:slovacco
Tags: Aggiungi Tag
Nessun Tag, puoi essere il primo ad aggiungerne!!

MARC

LEADER 00000naa$a2200000$$$4500
001 0198525
005 20240502073344.3
041 0 |a slo 
044 |a SK 
245 1 0 |a Odhad očakávanej výšky poistného plnenia pri poistení na plnú hodnotu v kombinácii s excedentnou a integrálnou spoluúčasťou  |c Galina Horáková, Vladimír Mucha 
100 1 |a Horáková, Galina 
700 1 |a Mucha, Vladimír, 1976-